[Event "B06"]
[Site "Cleanchess.com Bushehr IRI"]
[Date "2018.03.13"]
[Round "5.4"]
[White "Mousavi,Se"]
[Black "Tahbaz,Arash"]
[Result "1-0"]
[WhiteElo "2467"]
[BlackElo "2455"]

1.e4 g6 2.d4 Bg7 3.Nc3 c6 4.f4 Qb6 5.Nf3 d5 6.exd5 Bg4 7.Be2 cxd5 8.Nxd5 Qa5+
9.Nc3 Nc6 10.Be3 Rd8 11.Bb5 Nh6 12.h3 Bxf3 13.Qxf3 O-O 14.Bxc6 bxc6 15.g4 Qb4
16.O-O-O Rb8 17.Rd3 Qxb2+ 18.Kd2 Qb7 19.f5 Kh8 20.h4 gxf5 21.gxf5 c5 22.Qxb7
Rxb7 23.f6 exf6 24.dxc5 Ng4 25.Bd4 Ne5 26.Bxe5 fxe5 27.Ne4 f5 28.Nd6 Re7
29.Rd5 Bh6+ 30.Ke2 Bf4 31.Rg1 h6 32.c6 Rc7 33.Rg6 Kh7 34.Nb5 Kxg6 35.Nxc7 Rc8
36.Rd6+ Kf7 37.Nd5 Bg3 38.h5 Bh4 39.Rxh6 e4 40.Rd6 Bg5 41.Rg6 Bh4 42.Ke3 Rh8
43.c7 Re8 44.Kf4 Bf2 45.Rf6+ Kg7 46.Re6 Rc8 47.h6+ {#r} 1-0

[Event "B02"]
[Site "Cleanchess.com   INT"]
[Date "2018.03.13"]
[Round "1"]
[White "Melkumyan,H"]
[Black "Ehlvest,J"]
[Result "1-0"]
[WhiteElo "2664"]
[BlackElo "2536"]

1.e4 Nf6 2.e5 Nd5 3.c4 Nb6 4.d4 d6 5.Nf3 Bg4 6.Be2 e6 7.O-O Be7 8.Nc3 O-O
9.Be3 a6 10.b3 d5 11.h3 Bf5 12.c5 N6d7 13.Bd3 Bxd3 14.Qxd3 Nc6 15.a3 b6 16.b4
bxc5 17.bxc5 f6 18.exf6 Bxf6 19.Rfe1 Kh8 20.Rad1 Na5 21.Bf4 Nc4 22.Na4 Re8
23.Re2 Nb8 24.Nb2 Na5 25.Rde1 Qd7 26.Qf5 Nbc6 27.Rxe6 Rxe6 28.Qxe6 Qxe6
29.Rxe6 Nxd4 30.Nxd4 Bxd4 31.Nd3 c6 32.Bc7 Nb3 33.Rxc6 Rc8 34.Nb4 Nxc5 35.Nxd5
Ne4 36.Rxa6 Bxf2+ 37.Kh2 h5 38.Re6 Nc5 39.Re2 Bd4 40.Be5 Nb3 41.Bxd4 Nxd4
42.Re4 Nf5 43.Nf4 Ra8 44.a4 Nd6 45.Rb4 Ra5 46.h4 Kh7 47.g3 Rc5 48.Kh3 Rc2
49.Nxh5 Ra2 50.Nf4 Nf7 51.Ne6 Ne5 52.Ng5+ Kh6 53.Re4 Nd3 54.Re6+ g6 55.Ne4
{#r} 1-0

[Event "B01"]
[Site "Cleanchess.com Bushehr IRI"]
[Date "2018.03.14"]
[Round "7.5"]
[White "Mosadeghpour,Masoud"]
[Black "Tahbaz,Arash"]
[Result "1-0"]
[WhiteElo "2535"]
[BlackElo "2455"]

1.e4 d5 2.exd5 Qxd5 3.Nc3 Qa5 4.d4 Nf6 5.Nf3 c6 6.Bc4 Bf5 7.Qe2 Nbd7 8.Bd2 Qc7
9.O-O-O e6 10.Nh4 Bg6 11.g3 Bb4 12.Nxg6 hxg6 13.a3 Bxc3 14.Bxc3 Nd5 15.Bd2
N7f6 16.h4 b5 17.Ba2 a5 18.Bg5 Qd6 19.Qf3 a4 20.c4 bxc4 21.Bxc4 Rb8 22.Rd2 Rb6
23.Rc2 Kd7 24.g4 Rhb8 25.h5 gxh5 26.gxh5 Rh8 27.h6 Qf8 28.Kb1 Rh7 29.Ka2 Qg8
30.Bxf6 Nxf6 31.Bd3 Rh8 32.Rhc1 Nd5 33.Rxc6 Qb8 {#r} 1-0

[Event "B01"]
[Site "Cleanchess.com Villava ESP"]
[Date "2018.03.17"]
[Round "6.3"]
[White "Navarrete Delgado,S"]
[Black "Del Rio de Angelis,S"]
[Result "0-1"]
[WhiteElo "2203"]
[BlackElo "2535"]

1.e4 d5 2.exd5 Nf6 3.d4 Nxd5 4.Nf3 g6 5.Be2 Bg7 6.O-O O-O 7.c4 Nb6 8.Be3 c5
9.Nc3 cxd4 10.Bxd4 Nc6 11.Bxg7 Kxg7 12.Qc1 Bg4 13.Rd1 Qc8 14.Nd5 f6 15.Nxb6
axb6 16.Qe3 Qc7 17.h3 Bxf3 18.Bxf3 Ne5 19.Bd5 Rad8 20.Rd4 Rd6 21.Rh4 g5 22.Re4
Qc5 23.Qg3 Ng6 24.Rae1 e5 25.Qc3 b5 26.Bxb7 Rfd8 27.Bd5 bxc4 28.Bxc4 Rd2
29.R4e2 Rxe2 30.Bxe2 Qxc3 31.bxc3 Ra8 32.Ra1 Ra3 33.c4 Nf4 34.Bd1 Ne6 35.Bb3
Nc5 36.Rb1 Kf7 37.Kf1 Ke7 38.Ke2 Ne4 39.Rc1 Kd6 40.f3 Nc5 41.Rc3 f5 42.g3 e4
43.Ke3 Ke5 44.f4+ gxf4+ 45.gxf4+ Kd6 46.Kd4 Ne6+ 47.Ke3 Kc5 48.Rc1 Nd4 49.Rb1
Ra7 50.Rd1 Rg7 51.Kf2 h5 52.Rb1 h4 53.Bd1 Rg3 54.Rb8 Kxc4 55.Be2+ Nxe2 56.Kxe2
Rf3 57.a4 Rxf4 58.a5 Rf3 59.a6 Ra3 60.Rf8 Kd4 61.Rxf5 Ra2+ 62.Kd1 Rxa6 63.Rf4
Kd3 64.Kc1 e3 {#R} 0-1

[Event "B00"]
[Site "Cleanchess.com Novi Sad SRB"]
[Date "2018.03.14"]
[Round "9.2"]
[White "Savic,Miod1"]
[Black "Rabrenovic,V"]
[Result "1-0"]
[WhiteElo "2535"]
[BlackElo "2371"]

1.e4 d6 2.Bc4 Nf6 3.d3 e5 4.Nf3 Be7 5.c3 h6 6.O-O O-O 7.Re1 c6 8.Bb3 Re8
9.Nbd2 Bf8 10.Nf1 Nbd7 11.h3 a5 12.Ng3 d5 13.exd5 cxd5 14.Ba4 Qc7 15.Be3 b6
16.Qc1 Bb7 17.d4 Bc6 18.Bc2 e4 19.Nh4 b5 20.Ngf5 Re6 21.Bd1 b4 22.Bf4 Qd8
23.Re3 Kh7 24.Rg3 Rc8 25.Be2 Bb7 26.Qd2 Nb6 27.cxb4 axb4 28.b3 Qe8 29.Nxg7
Bxg7 30.Nf5 Bf8 31.Bxh6 Ng8 32.Bxf8 Qxf8 33.Rg5 Rg6 34.Rh5+ Nh6 35.Bg4 Rcc6
36.Rc1 Rxc1+ 37.Qxc1 Bc8 38.Qc7 Bxf5 39.Bxf5 Kg7 40.Bxg6 Kxg6 41.g4 Nc8
42.Rxd5 {#r} 1-0

[Event "A90"]
[Site "Cleanchess.com   INT"]
[Date "2018.03.13"]
[Round "1"]
[White "Ju Wenjun"]
[Black "Gorovets,A"]
[Result "0-1"]
[WhiteElo "2568"]
[BlackElo "2496"]

1.d4 e6 2.c4 f5 3.g3 Nf6 4.Bg2 d5 5.Nf3 Bd6 6.O-O O-O 7.b3 b6 8.Ba3 Bb7 9.Qc2
Ne4 10.Rc1 c5 11.cxd5 exd5 12.Nc3 Nd7 13.Bb2 Rc8 14.e3 Ndf6 15.Ne5 cxd4
16.exd4 Nxc3 17.Bxc3 Ne4 18.Qb2 Qe7 19.Bxe4 Ba3 20.Bxd5+ Bxd5 21.Qd2 Bxc1
22.Rxc1 f4 23.Bb2 Rxc1+ 24.Qxc1 fxg3 25.hxg3 Qe6 26.Qf1 Rc8 27.Bc1 Qf5 28.Bf4
Qe4 29.f3 Qxd4+ 30.Kh2 Rc2+ 31.Kh3 Be6+ {#R} 0-1

[Event "A87"]
[Site "Cleanchess.com Bushehr IRI"]
[Date "2018.03.15"]
[Round "8.5"]
[White "Javanbakht,N"]
[Black "Mousavi,Se"]
[Result "1-0"]
[WhiteElo "2436"]
[BlackElo "2467"]

1.d4 f5 2.g3 Nf6 3.Bg2 g6 4.c4 Bg7 5.Nc3 O-O 6.Nf3 d6 7.O-O Qe8 8.b3 e5 9.dxe5
dxe5 10.e4 fxe4 11.Ng5 Bg4 12.Qe1 h6 13.Ngxe4 Nc6 14.Ba3 Rf7 15.Nxf6+ Rxf6
16.Bd5+ Kh7 17.f3 Be6 18.Rf2 Bxd5 19.Nxd5 Rf7 20.Qe4 Nd4 21.Re1 Rd8 22.Kg2 c6
23.Nf4 Nf5 24.Nd3 Rfd7 25.Nxe5 Rd1 26.Rxd1 Rxd1 27.Bb2 Qe7 28.Ng4 Qc5 29.Bxg7
Kxg7 30.b4 Qd4 31.Re2 Qg1+ 32.Kh3 Qf1+ 33.Rg2 Re1 34.Qc2 h5 35.Qb2+ Kg8
36.Nf6+ Kf7 37.Ne4 Ne3 38.Qf6+ Ke8 39.Qxg6+ Kf8 40.Qd6+ Ke8 41.Qb8+ Kf7
42.Qc7+ Ke6 43.Qd6+ Kf7 44.Qd7+ Kg6 45.Qe6+ Kg7 46.Qe7+ Kh8 47.Qf8+ Kh7
48.Ng5+ Kg6 49.Qg8+ Kf6 50.Qe6+ {#r} 1-0

[Event "A85"]
[Site "Cleanchess.com Villava ESP"]
[Date "2018.03.17"]
[Round "6.1"]
[White "Reinaldo Castineira,R"]
[Black "Garbisu de Goni,U"]
[Result "0-1"]
[WhiteElo "2505"]
[BlackElo "2408"]

1.d4 f5 2.c4 Nf6 3.Nc3 g6 4.h4 d6 5.h5 Nxh5 6.Rxh5 gxh5 7.e4 Qd7 8.Be3 Nc6
9.c5 fxe4 10.Nxe4 Qg4 11.f3 Qg6 12.Bb5 d5 13.Nc3 e6 14.Qe2 Bd7 15.Bd3 Qf6
16.Qd2 O-O-O 17.Nge2 Rg8 18.g3 h4 19.g4 Qxf3 20.O-O-O h3 21.Nf4 h2 22.Ng2 {#R}
0-1

[Event "A77"]
[Site "Cleanchess.com Villava ESP"]
[Date "2018.03.17"]
[Round "3.2"]
[White "Del Rio de Angelis,S"]
[Black "Sanchez Saez,F"]
[Result "1-0"]
[WhiteElo "2535"]
[BlackElo "2240"]

1.d4 Nf6 2.c4 c5 3.d5 e6 4.Nc3 exd5 5.cxd5 d6 6.e4 g6 7.Nf3 Bg7 8.Be2 O-O
9.O-O Re8 10.Nd2 Nbd7 11.a4 Ne5 12.Ndb1 Bg4 13.f3 Bd7 14.Na3 a6 15.h3 b5
16.axb5 axb5 17.Ncxb5 Qb6 18.Nc3 Nh5 19.f4 Ng3 20.Rf2 c4 21.fxe5 Rxa3 22.Rxa3
Bxe5 23.Bf1 Nh1 24.Kxh1 Qxf2 25.Qf3 Qe1 26.Bf4 Bd4 27.Qe2 Qh4 28.g3 Qf6 29.Qd2
h5 30.Bg2 Bc5 31.Ra1 Rb8 32.Rf1 Qd8 33.e5 Bf5 34.Ne4 Bb4 35.Qd4 Ra8 36.Nf6+
Kg7 37.exd6 {#r} 1-0

[Event "A60"]
[Site "Cleanchess.com Belgrade SRB"]
[Date "2018.03.13"]
[Round "11.3"]
[White "Dragomirescu,An"]
[Black "Chelushkina,I"]
[Result "1-0"]
[WhiteElo "2235"]
[BlackElo "2261"]

1.d4 Nf6 2.c4 e6 3.g3 c5 4.d5 exd5 5.cxd5 d6 6.Nc3 Be7 7.Bg2 O-O 8.Nf3 Na6
9.O-O Nc7 10.a4 b6 11.e4 Bg4 12.Qc2 Bxf3 13.Bxf3 Nd7 14.Bg2 a6 15.Rb1 b5
16.axb5 Nxb5 17.Re1 Bf6 18.Bd2 Re8 19.f4 Rb8 20.Na4 Qc7 21.Rbd1 Bd4+ 22.Kh1
Nf6 23.Be3 Nxd5 24.Bxd4 cxd4 25.Qxc7 Ndxc7 26.Rc1 Kf8 27.Kg1 g6 28.Kf2 Re7
29.Bf3 f6 30.Rc6 a5 31.Rec1 Ne8 32.Rc8 Rxc8 33.Rxc8 Rc7 34.Rxc7 Nexc7 35.Ke2
g5 36.Kd3 gxf4 37.gxf4 Ke7 38.Nb6 f5 39.exf5 Kf6 40.Be4 a4 41.Kc4 a3 42.bxa3
Nxa3+ 43.Kxd4 Nab5+ 44.Ke3 d5 45.Bxd5 Nxd5+ 46.Nxd5+ Kxf5 47.h3 Ke6 48.Nb4 Kf5
49.Nc6 Nd6 50.Nd4+ Kg6 51.Kf3 Kh5 52.Ne6 Kh4 53.Kg2 Kh5 54.Nf8 h6 55.Nd7 Kg6
56.Kf3 Kf5 57.Nc5 Kg6 58.Ne4 Nf5 59.Ng3 Nd6 60.Kg4 Kf6 61.h4 Kg6 62.f5+ Kf6
63.Kf4 Nc4 64.Ne4+ Kg7 65.Nf2 Kf6 66.Ng4+ Kg7 67.Ne3 Nb6 68.Ke5 Kf7 69.Ng4
Nc4+ 70.Kf4 Kg7 71.f6+ Kh7 72.Kf5 h5 73.Ne5 Nd6+ 74.Ke6 Nb7 75.Ke7 {#r} 1-0

[Event "A53"]
[Site "Cleanchess.com Novi Sad SRB"]
[Date "2018.03.13"]
[Round "8.3"]
[White "Ratkovic,Miloj"]
[Black "Markus,Rob"]
[Result "0-1"]
[WhiteElo "2427"]
[BlackElo "2615"]

1.d4 Nf6 2.c4 d6 3.Nc3 Nbd7 4.e4 e5 5.f4 exd4 6.Qxd4 c6 7.Bd2 Qb6 8.Qxb6 Nxb6
9.O-O-O Ng4 10.Nh3 Be7 11.Be2 O-O 12.Rde1 Bh4 13.g3 Bf6 14.b3 Re8 15.Bf3 Bd4
16.Bg2 h6 17.Nd1 a5 18.Bc3 Bc5 19.a4 Rd8 20.Re2 d5 21.exd5 cxd5 22.cxd5 Bf5
23.Kb2 Nxd5 24.Bxd5 Rxd5 25.Nhf2 Rc8 26.h3 Nxf2 27.Nxf2 Bxf2 28.Rxf2 Rd3
29.Rc1 Rxg3 30.h4 Rc5 31.b4 Rc4 32.Be1 Rxc1 33.Kxc1 axb4 34.Bxb4 Rh3 35.Re2
Rxh4 36.Re8+ Kh7 37.Re7 Rxf4 38.Rxb7 Be4 39.Rb8 Rf2 40.Bd2 Rf1+ {#R} 0-1

[Event "A49"]
[Site "Cleanchess.com Baghdad IRQ"]
[Date "2018.03.16"]
[Round "4.3"]
[White "Araz,B"]
[Black "Gholami,A"]
[Result "0-1"]
[WhiteElo "2368"]
[BlackElo "2473"]

1.d4 Nf6 2.Nf3 g6 3.g3 b6 4.Bg2 Bb7 5.c4 Bg7 6.Nc3 O-O 7.O-O Ne4 8.Qd3 Nxc3
9.Qxc3 c5 10.Be3 d6 11.Qd2 Nd7 12.Bh6 Nf6 13.Bxg7 Kxg7 14.b3 Qd7 15.Rfd1 Rac8
16.Rac1 Be4 17.Qe3 cxd4 18.Rxd4 Qb7 19.Bh3 Rc5 20.Ng5 Bc6 21.f4 b5 22.cxb5
Rxc1+ 23.Qxc1 Qxb5 24.Qc4 Qb6 25.Qb4 Bb5 26.Nf3 a5 27.Qd2 e5 28.fxe5 dxe5
29.Nxe5 Re8 30.Nc4 Bxc4 31.bxc4 Ne4 32.Qe3 Ng5 33.Qxe8 Qxd4+ 34.Kg2 Ne4 35.Kf3
Qf2+ {#R} 0-1

[Event "A49"]
[Site "Cleanchess.com Villava ESP"]
[Date "2018.03.18"]
[Round "9.3"]
[White "Huerga Leache,M"]
[Black "Sanchez Saez,F"]
[Result "1-0"]
[WhiteElo "2440"]
[BlackElo "2240"]

1.Nf3 g6 2.d4 Bg7 3.g3 Nf6 4.Bg2 d6 5.O-O O-O 6.a4 c6 7.a5 Qc7 8.b3 e5 9.dxe5
dxe5 10.Bb2 Re8 11.Nfd2 Bg4 12.Nc4 Nd5 13.Nc3 Nxc3 14.Bxc3 Na6 15.Qd2 Rad8
16.Qe3 h5 17.Rfd1 Kh7 18.Rxd8 Qxd8 19.Qxa7 Qe7 20.Bxc6 bxc6 21.Qxa6 Bxe2
22.Qxc6 e4 23.Bxg7 Kxg7 24.Nd6 Rd8 25.Qxe4 Qf6 26.Re1 Rxd6 27.Qxe2 Re6 28.Qd2
Rd6 29.Qf4 Qd8 30.Qe5+ Rf6 31.a6 Qb6 32.Re3 Kh7 33.a7 h4 34.a8=Q h3 35.Qc8 Kg7
36.Qcc3 {#r} 1-0

[Event "A46"]
[Site "Cleanchess.com Baghdad IRQ"]
[Date "2018.03.18"]
[Round "8.7"]
[White "Alzaim,T"]
[Black "Hussein,AH"]
[Result "1-0"]
[WhiteElo "2215"]
[BlackElo "2272"]

1.d4 Nf6 2.Bg5 e6 3.Nf3 c5 4.e3 b6 5.Bd3 Bb7 6.Nbd2 Be7 7.c3 h6 8.Bh4 O-O
9.O-O d6 10.Qe2 Nbd7 11.Rfe1 Re8 12.a4 a6 13.h3 e5 14.dxe5 dxe5 15.Bxf6 Bxf6
16.Be4 Qc7 17.Bxb7 Qxb7 18.e4 b5 19.Nh2 g6 20.Ng4 Bg7 21.axb5 axb5 22.h4 h5
23.Ne3 Nf6 24.Qf3 c4 25.Nd5 Nxd5 26.exd5 Rad8 27.Ra5 Rxd5 28.Ne4 f5 29.Nd6 Qc6
30.Ra6 Qxd6 31.Rxd6 Rxd6 32.Qb7 e4 33.Qxb5 Rc8 34.Ra1 Kh7 35.Ra7 Rg8 36.Qxc4
Rd1+ 37.Kh2 Rd2 38.Qf7 Kh8 39.Kh3 Rd6 40.b4 Rf6 41.Qd5 e3 42.fxe3 f4 43.exf4
Rxf4 44.c4 Bf6 45.g3 Rf5 46.Qd2 Bg7 47.b5 Kh7 48.Qd7 Rc5 49.Rc7 {#r} 1-0

[Event "A45"]
[Site "Cleanchess.com   INT"]
[Date "2018.03.13"]
[Round "1"]
[White "Boruchovsky,A"]
[Black "Melkumyan,H"]
[Result "1-0"]
[WhiteElo "2542"]
[BlackElo "2664"]

1.d4 Nf6 2.Bf4 d6 3.Nc3 Nbd7 4.Nf3 c6 5.e4 Qa5 6.Bd3 e5 7.Be3 Be7 8.O-O O-O
9.h3 Re8 10.Re1 Nf8 11.a3 Ng6 12.Bc4 h6 13.Qd2 Bf8 14.d5 Qc7 15.b4 Nh5 16.dxc6
bxc6 17.b5 Nhf4 18.bxc6 Be6 19.Bd5 Nxd5 20.exd5 Bc8 21.Nb5 Qe7 22.Qa5 e4
23.Nd2 Nh4 24.Bf4 Qf6 25.Bg3 e3 26.fxe3 Nf5 27.Bf2 Rb8 28.Nd4 Qg6 29.N4f3 Be7
30.c7 Rb7 31.Rab1 Rb6 32.Rxb6 axb6 33.Qa4 Rf8 34.e4 Ng3 35.Kh2 Nh5 36.Nc4 Nf4
37.Ne3 Qh5 38.Ng1 Bf6 39.Bg3 Be5 40.Bxf4 Bxf4+ 41.Kh1 Qh4 42.Nf3 Qh5 43.Nf5
Kh7 44.Qd4 f6 45.Qf2 Re8 46.N3d4 Be5 47.Ne6 Qf7 48.Qxb6 g6 49.Nxd6 {#r} 1-0

[Event "A45"]
[Site "Cleanchess.com Saint Louis USA"]
[Date "2018.03.12"]
[Round "7.5"]
[White "Ali Marandi,C"]
[Black "Liang,Awonder"]
[Result "0-1"]
[WhiteElo "2538"]
[BlackElo "2570"]

1.d4 Nf6 2.Bf4 c5 3.dxc5 Qa5+ 4.Qd2 Qxc5 5.Nc3 g6 6.e4 Bg7 7.f3 d6 8.Be3 Qa5
9.Nb5 Qd8 10.e5 dxe5 11.Qxd8+ Kxd8 12.Bxa7 Na6 13.Bb6+ Ke8 14.O-O-O Be6 15.Nc3
Kf8 16.Bb5 Nb4 17.a3 Nbd5 18.Nxd5 Nxd5 19.Bf2 Bh6+ 20.Kb1 Ra5 21.c4 Kg7
22.cxd5 Bf5+ 23.Ka2 Rxb5 24.Ne2 Bc2 25.Nc3 Bb3+ 26.Kb1 Bxd1 27.Nxb5 Bb3 28.Bc5
Rd8 29.d6 exd6 30.Nxd6 b6 31.Bb4 Kf6 32.h4 Ke6 33.Ne4 Be3 34.Ng5+ Kf5 35.Nxh7
f6 36.Nf8 g5 37.Be7 Rd2 38.g4+ Kf4 39.Bxf6 gxh4 40.Ng6+ Kxf3 41.Nxh4+ Kxg4
42.Bxe5 Bd5 43.Rh2 Rxh2 44.Bxh2 Kxh4 45.Kc2 Kg5 46.Kd3 Bf2 47.Bb8 Kf5 48.Ba7
Be4+ 49.Kc3 Ke5 50.a4 Kd5 51.Kb3 Bc5 52.Kc3 Bd4+ 53.Kb3 Bd3 54.Ka3 Kc4 55.b3+
Kc3 56.b4 Kc2 57.Bxb6 Bb2+ {#R} 0-1

[Event "A45"]
[Site "Cleanchess.com Bushehr IRI"]
[Date "2018.03.16"]
[Round "9.1"]
[White "Darini,P"]
[Black "Tabatabaei,M"]
[Result "0-1"]
[WhiteElo "2497"]
[BlackElo "2592"]

1.d4 Nf6 2.Bg5 c5 3.d5 Ne4 4.Bf4 e6 5.Nf3 Qb6 6.dxe6 fxe6 7.Nbd2 Nxd2 8.Qxd2
Qxb2 9.Be5 Qb6 10.e4 Qb4 11.Bc3 Qxe4+ 12.Be2 Be7 13.Bxg7 Rg8 14.Qh6 Qg6
15.Qxg6+ hxg6 16.Bc3 Nc6 17.O-O g5 18.h3 b6 19.Bd3 Bb7 20.Bh7 Rf8 21.Bg7 Rf4
22.Bg6+ Kd8 23.Rad1 Kc7 24.Bb2 Bf6 25.Bxf6 Rxf6 26.Bh5 Rg8 27.Rfe1 d6 28.c3 b5
29.Bg4 e5 30.Nd2 Ne7 31.g3 Rgf8 32.Re2 Nf5 33.a3 Nh6 34.Bh5 a6 35.Rf1 Nf5
36.Bg4 Bd5 37.Rfe1 Nh6 38.Bh5 Ng8 39.Bg4 Rh6 40.f3 Nf6 41.Bf5 Nh5 42.Be4 Bxe4
43.Nxe4 Rxf3 44.Kg2 Rd3 45.Re3 Rxe3 46.Rxe3 Rg6 47.Kf3 Nf6 48.Nxf6 Rxf6+
49.Kg4 Rh6 50.Re1 Rh8 51.Rh1 Rg8 52.Kf5 Kc6 53.Ke6 e4 54.Kf7 Rh8 55.Kf6 d5
56.Kxg5 d4 57.cxd4 cxd4 {#R} 0-1

[Event "A45"]
[Site "Cleanchess.com Bushehr IRI"]
[Date "2018.03.17"]
[Round "10.2"]
[White "Noroozi,O"]
[Black "Ghaem Maghami,E"]
[Result "0-1"]
[WhiteElo "2356"]
[BlackElo "2530"]

1.d4 Nf6 2.Bg5 d5 3.e3 c5 4.Nc3 Nc6 5.Nf3 cxd4 6.exd4 Bg4 7.Be2 e6 8.Ne5 Bxe2
9.Nxe2 Be7 10.Nd3 O-O 11.O-O b5 12.c3 a5 13.Nef4 b4 14.Bxf6 Bxf6 15.Re1 a4
16.a3 bxc3 17.bxc3 Be7 18.Nb4 Nb8 19.Re3 Bg5 20.Qg4 Bh6 21.Rg3 Nd7 22.Nh5 Kh8
23.Qh3 Rc8 24.Re1 Nf6 25.Nxf6 Qxf6 26.Na6 Bf4 27.Rf3 Qh6 28.Qg4 Bxh2+ 29.Kf1
Bd6 30.Nc5 f5 31.Qh3 Qxh3 32.gxh3 e5 33.Nb7 Bxa3 34.dxe5 Be7 35.Nd6 Bxd6
36.exd6 g6 37.Rd3 Rfd8 38.Rxd5 a3 39.d7 Ra8 40.Ke2 Kg7 41.Kd3 Ra7 42.Kc2 Rdxd7
43.Rxd7+ Rxd7 44.Ra1 Ra7 45.h4 Kh6 46.Kb3 Kh5 47.Rxa3 Rxa3+ 48.Kxa3 Kxh4 49.f4
g5 50.c4 gxf4 51.c5 f3 52.c6 f2 53.c7 f1=Q 54.c8=Q Qd3+ 55.Kb2 h5 56.Qf8 Qd4+
57.Kc2 Qe4+ 58.Kd2 f4 59.Qh6 Qe5 60.Qg6 f3 61.Kd3 f2 62.Qg2 {#R} 0-1

[Event "A45"]
[Site "Cleanchess.com Port Elizabeth RSA"]
[Date "2018.03.18"]
[Round "9.4"]
[White "Grover,S"]
[Black "Mwale Joseph"]
[Result "1-0"]
[WhiteElo "2484"]
[BlackElo "2240"]

1.d4 Nf6 2.Bf4 e6 3.e3 d5 4.Nd2 Bd6 5.Bg3 b6 6.Ngf3 Bxg3 7.hxg3 Nbd7 8.Bd3 Bb7
9.c3 c5 10.Ne5 a6 11.f4 Qc7 12.Ndf3 Nxe5 13.dxe5 Ne4 14.Bxe4 dxe4 15.Ng5 h6
16.Qc2 O-O 17.Nxe4 Bxe4 18.Qxe4 Rad8 19.Ke2 Qd7 20.Qc2 Qd5 21.e4 Qc4+ 22.Ke3
Rd7 23.Rhd1 Rxd1 24.Qxd1 Qb5 25.b3 c4 26.b4 Qc6 27.a4 Qc8 28.Ra2 a5 29.b5 Rd8
30.Rd2 Qc5+ 31.Rd4 Rc8 32.Ke2 Qa3 33.Qc2 Qc5 34.Qa2 Kh7 35.Kd1 g5 36.Ke2 gxf4
37.gxf4 Qe7 38.g3 Rg8 39.Kf3 Qf8 40.Rd6 Qg7 41.Qh2 Qg4+ 42.Kf2 Qg6 43.Rd4 Qg7
44.Qh4 Qf8 45.Rd6 Qc8 46.Qh5 Qc5+ 47.Rd4 Rg7 48.Qe2 Qa3 49.Rxc4 Qc1 50.Rc6 Qh1
51.Qf3 Qc1 52.Rc4 Rg8 53.Rc7 Rg7 54.f5 Qd2+ 55.Kf1 Qc1+ 56.Kg2 Qd2+ 57.Kf1
Qc1+ 58.Kf2 Qd2+ 59.Qe2 Qd8 60.Rc6 Qg5 61.Qe3 Qh5 62.Kg2 Qg4 63.Qf3 Qg5
64.fxe6 {#r} 1-0

[Event "A45"]
[Site "Cleanchess.com   INT"]
[Date "2018.03.13"]
[Round "1"]
[White "Agrest,E"]
[Black "Lenic,L"]
[Result "0-1"]
[WhiteElo "2581"]
[BlackElo "2662"]

1.d4 Nf6 2.Bf4 d5 3.e3 c5 4.Nd2 Nc6 5.c3 Bf5 6.Qb3 Qd7 7.Ngf3 c4 8.Qd1 e6
9.Nh4 Bd6 10.Be2 O-O 11.g4 Bxf4 12.exf4 Bg6 13.Ng2 b5 14.h4 b4 15.h5 bxc3
16.bxc3 Bd3 17.Bxd3 cxd3 18.Qf3 Rab8 19.g5 Ne4 20.Nxe4 dxe4 21.Qxe4 d2+
22.Kxd2 Rb2+ 23.Ke1 Ne7 24.Kf1 Rc8 25.Rh3 Nf5 26.h6 Qb5+ 27.Kg1 Rxf2 28.hxg7
Qb2 29.Re1 Qd2 30.Rb1 Re2 31.Qb7 Nd6 32.Qf3 Rxc3 33.Rb8+ Nc8 34.Qxe2 Qxe2
35.Rxc3 Qd1+ 36.Kh2 Kxg7 37.Rcxc8 Kg6 38.Rg8+ Kh5 39.Rg7 Qxd4 40.Rxh7+ Kg4
41.Rh4+ Kf5 42.Rb5+ Kg6 43.Rh6+ Kg7 44.Rb8 Qc4 45.Rhh8 Kg6 46.Rhg8+ Kh5 47.Rb3
Qe2 48.Re3 Qxa2 49.Rh3+ Kg4 50.Rg3+ Kf5 51.g6 fxg6 52.R8xg6 Ke4 53.R3g5 Kf3
54.Re5 Kf2 55.Rgxe6 Qb1 56.Re2+ Kf3 57.R6e3+ Kg4 58.Rg3+ Kf5 59.Re5+ Kf6
60.Rge3 Qh7+ 61.Kg3 Qg6+ 62.Kf3 Qc2 63.Re6+ Kf7 64.R6e5 Kf6 65.Kg3 Qg6+ 66.Rg5
Qc2 67.Nh4 Qc1 68.Rge5 Qg1+ 69.Ng2 Qc1 70.Re6+ Kf7 71.Re7+ Kf8 72.Rxa7 Qc5
73.Rea3 Qc1 74.Rb7 Qxa3+ 75.Kg4 Qa8 76.Rb2 Qc8+ 77.Kg3 Qc3+ 78.Kg4 Qxb2 {#R}
0-1

[Event "A45"]
[Site "Cleanchess.com   INT"]
[Date "2018.03.13"]
[Round "1"]
[White "Tang,Andrew"]
[Black "Robson,R"]
[Result "0-1"]
[WhiteElo "2509"]
[BlackElo "2649"]

1.d4 Nf6 2.Bf4 d5 3.e3 c5 4.Nc3 cxd4 5.exd4 a6 6.Nf3 Nc6 7.Ne5 Bd7 8.Nxc6 Bxc6
9.Bd3 Qb6 10.Ne2 Qxb2 11.Rb1 Qa3 12.Qd2 e6 13.O-O g6 14.Be5 Bg7 15.Ng3 Qe7
16.Qf4 Rd8 17.Rfe1 O-O 18.f3 Nd7 19.Bxg7 Kxg7 20.Qg4 Kh8 21.h4 Qf6 22.c3 Rg8
23.Re3 h5 24.Qg5 Qxg5 25.hxg5 Kg7 26.Ne2 Rc8 27.Nf4 Nf8 28.Kf2 Nh7 29.Re5 Rge8
30.Ke3 Nf8 31.Kd2 Rc7 32.Rbe1 Rec8 33.R5e3 Bd7 34.Bb1 Nh7 35.Nh3 Rc6 36.f4 Rb6
37.Kc1 Bb5 38.g4 hxg4 39.Nf2 Ba4 40.Nxg4 Rb4 41.Kd2 Rb2+ 42.Kc1 Rg2 43.Ne5 Nf8
44.Rh3 Nd7 45.Reh1 Nxe5 46.fxe5 Bd7 47.Rh7+ Kf8 48.Rh8+ Ke7 49.Rxc8 Bxc8
50.Bd3 Rxg5 51.Kd2 Rg2+ 52.Be2 Rg3 53.Rb1 Rh3 54.Rb3 Kd8 55.Ke1 Kc7 56.Kf2 Bd7
57.Kg2 Re3 58.Kf2 Rh3 59.Kg2 Rh4 60.Rb1 Bc6 61.Kg3 Rh8 62.Rf1 Rh7 63.Rf2 Kd7
64.Bd3 Ke7 65.Kg2 Rh4 66.Rb2 Rh8 67.Rb6 Rc8 68.Kf2 Kd7 69.Ke3 Kc7 70.Rb2 Rh8
71.Rf2 Be8 72.Be2 Rh3+ 73.Bf3 Kd8 74.Kf4 Ke7 75.Rb2 Bc6 76.Kg4 Rh8 77.Kg3 Bb5
78.a4 Bc6 79.Be2 Rh1 80.Rb6 Rc1 81.Rb3 Ra1 82.Kf4 Rxa4 83.Bd3 Ra1 84.Rb2 a5
85.Bb5 Kd7 86.Bd3 Rc1 87.Rf2 Rxc3 88.Be2 a4 89.Kg5 Ke7 90.Bd1 a3 91.Kh6 Rd3
92.Bc2 Rxd4 93.Kg7 Be8 94.Bb3 b5 95.Rc2 Rb4 96.Rc3 d4 97.Rf3 Kd8 98.Kf8 Bc6
99.Rh3 Rxb3 100.Rxb3 a2 101.Ra3 Bd5 102.Kxf7 b4 103.Ra6 b3 {#R} 0-1

[Event "A41"]
[Site "Cleanchess.com   INT"]
[Date "2018.03.13"]
[Round "1"]
[White "Sachdev,T"]
[Black "Vidit,S"]
[Result "0-1"]
[WhiteElo "2407"]
[BlackElo "2723"]

1.d4 d6 2.c4 e5 3.Nc3 exd4 4.Qxd4 Nf6 5.Nf3 Nc6 6.Qd2 Be6 7.e4 a5 8.Bd3 Ne5
9.Nxe5 dxe5 10.O-O Bc5 11.Qc2 O-O 12.Bg5 h6 13.Bh4 g5 14.Bg3 Nd7 15.Nd5 c6
16.Ne3 Bxe3 17.fxe3 Nc5 18.Be2 f6 19.Rad1 Qe7 20.b3 Qh7 21.Rd6 Rae8 22.Bh5 Re7
23.Qd1 Rd7 24.Rxd7 Qxd7 25.Qxd7 Bxd7 26.Rd1 Be8 27.Bxe8 Rxe8 28.Be1 a4 29.bxa4
Nxa4 30.Rd7 Nc5 31.Rc7 Ra8 32.Bb4 Nxe4 33.a3 Rd8 34.Kf1 Rd3 35.Ke2 Rb3 36.Rxb7
c5 37.Kf3 f5 38.Rb8+ Kf7 39.Rb7+ Ke8 40.Rb8+ Kd7 41.Rb7+ Kc6 42.Rf7 g4+ 43.Ke2
cxb4 44.axb4 Rxb4 45.Rxf5 Rb2+ 46.Kd3 Nc5+ 47.Kc3 Rxg2 48.Rxe5 Rxh2 49.Kd4
Rd2+ 50.Kc3 Rd6 {#R} 0-1

[Event "A41"]
[Site "Cleanchess.com Baghdad IRQ"]
[Date "2018.03.15"]
[Round "3.7"]
[White "Sadek,S"]
[Black "Gagunashvili,M"]
[Result "0-1"]
[WhiteElo "2263"]
[BlackElo "2576"]

1.d4 d6 2.c4 e5 3.Nf3 e4 4.Nfd2 f5 5.e3 Nf6 6.Nc3 g6 7.b4 Bg7 8.Rb1 O-O 9.Be2
Nc6 10.b5 Ne7 11.O-O g5 12.f3 exf3 13.Nxf3 h6 14.Bd3 Bd7 15.Qb3 Kh8 16.Bd2 Qe8
17.Rbe1 Qh5 18.Re2 Rae8 19.Qd1 Ng6 20.Ne1 Ne4 21.Bxe4 fxe4 22.Rxf8+ Rxf8
23.Rf2 Qxd1 24.Rxf8+ Bxf8 25.Nxd1 d5 26.cxd5 Bxb5 27.Nc3 Bc4 28.a4 Kg7 29.Nxe4
Bxd5 30.Nc3 Bb3 31.a5 Bc4 32.Kf2 Ne7 33.Nd1 Nc6 34.Nb2 Bd5 35.Ke2 Ba3 36.Nbd3
b6 37.axb6 cxb6 38.Bc3 Kf7 39.g3 a5 40.Nc2 Bd6 41.Nf2 b5 42.e4 Bc4+ 43.Kd2 b4
44.e5 Bxe5 45.dxe5 bxc3+ 46.Kxc3 Nxe5 47.Nd4 Bd5 48.Nf5 Be6 49.Nxh6+ Kg6
50.Kd4 Nf3+ 51.Kc5 Kxh6 52.h4 g4 53.Kb5 Nd4+ 54.Kxa5 Ne2 55.Kb5 Nxg3 56.Kc6
Kh5 57.Kd6 Bc4 58.Ke5 Ne2 59.Nxg4 Kxg4 60.Kd6 Kxh4 61.Kc5 Bd3 62.Kd5 Kg5
63.Ke5 Bf5 64.Kd5 Kf6 65.Kc5 Ke5 66.Kc4 Be4 67.Kb3 Kd4 68.Kb2 Kc4 69.Ka2 Kc3
70.Ka1 Nd4 71.Ka2 Nb3 72.Ka3 Bb1 73.Ka4 Nd4 74.Ka5 Kc4 75.Kb6 Nb5 76.Kc6 Bf5
77.Kb6 Be4 {#R} 0-1

[Event "A40"]
[Site "Cleanchess.com Bushehr IRI"]
[Date "2018.03.13"]
[Round "5.1"]
[White "Javanbakht,N"]
[Black "Tabatabaei,M"]
[Result "1-0"]
[WhiteElo "2436"]
[BlackElo "2592"]

1.d4 g6 2.c4 Bg7 3.e4 e6 4.Nc3 Ne7 5.Nf3 d5 6.h4 h6 7.e5 Nbc6 8.Bf4 b6 9.cxd5
exd5 10.Qd2 Bg4 11.Nh2 Be6 12.Rc1 Qd7 13.Ba6 Nb4 14.Be2 a6 15.a3 Nbc6 16.b4 g5
17.Be3 Nf5 18.h5 Nxe5 19.dxe5 d4 20.Bf3 Rd8 21.Bxg5 hxg5 22.Ne4 Kf8 23.Ng4 Ne3
24.Nef6 Bxf6 25.Nxf6 Qb5 26.fxe3 Qxe5 27.Ng4 Qd6 28.Nf2 g4 29.Nxg4 Rg8 30.Nf6
Rh8 31.Ne4 Qe5 32.exd4 Rxd4 33.Qe2 Bd5 34.Nf2 Qf4 35.Rc3 Bc4 36.Qe3 Qd6 37.h6
f5 38.Qg5 Rh7 39.Qxf5+ Rf7 40.h7 {#r} 1-0